[Event "Liege Soultanbeieff op"]
[Site "Liege"]
[Date "2012.03.30"]
[Round "7"]
[White "Houben, Gerard"]
[Black "Hansotte, Michel"]
[Result "1-0"]
[WhiteElo "1395"]
[BlackElo "1486"]
[PlyCount "76"]
[EventDate "2012.01.27"]
[EventType "swiss"]
[EventRounds "9"]
[EventCountry "BEL"]
[SourceTitle "EXT 2013"]
[Source "ChessBase"]
[SourceDate "2012.11.22"]
[SourceVersion "1"]
[SourceVersionDate "2012.11.22"]
[SourceQuality "1"]

1. e4 c5 2. Nc3 d6 3. Nf3 g6 4. h3 a6 5. Bc4 Bg7 6. Nd5 b5 7. Be2 Bb7 8. d4 e6 9. Nc3 cxd4 10. Nxd4 Nf6 11. Bf3 0-0 12. 0-0 Nbd7 13. Bg5 Qc7 14. Qd2 Ne5 15. Bh6 Nxf3+ 16. Nxf3 Nxe4 17. Nxe4 Bxe4 18. Bxg7 Kxg7 19. Qd4+ f6 20. Qxe4 e5 21. Rac1 Rac8 22. c3 Rf7 23. Rfd1 Rd7 24. b4 Qb6 25. a3 Rcd8 26. Rd5 Rc8 27. Ne1 Rc4 28. Qe3 Qc6 29. Qd2 h6 30. g3 Qc8 31. Rxd6 Rxd6 32. Qxd6 Rc6 33. Qd5 g5 34. Nd3 Rxc3 35. Rxc3 Qxc3 36. Qd6 Kg6 37. Qd8 Kg7 38. Nc5 Qc4 1-0